The basics of budgeting

Bibliographic Details
Main Author: Dickey, Terry
Format: Book
Published: California : Crisp Publication , 1992
Subjects:

MARC

LEADER 00000cam a2200000 7i4500
001 0000001296
002 000001429
005 20000330.0
020 |a 1560521341 
090 0 0 |a 658.154   |b DIC 
100 0 |a Dickey, Terry 
245 1 4 |a The basics of budgeting   |c Terry Dickey 
260 |a California :   |b Crisp Publication ,   |c 1992 
300 |a 139p. ;   |c 25cm. 
650 0 0 |a Budget in business 
999 |a 032672   |b BUKU   |c PINJAMAN   |e PERPUSTAKAAN KOMUNITI PETALING JAYA